000 00324nam a2200133Ia 4500
005 20260328104315.0
008 260328s9999||||xx |||||||||||||| ||und||
100 _aMeyer, Hannes
245 0 _aHannes Meyer /
_cHannes Meyer
260 _bCuadernos de arquitecturas
300 _a94 p.
650 _aARQUITECTOS
942 _cBK
999 _c11127
_d11127